| 000 | 00331nam a2200121 a 4500 | ||
|---|---|---|---|
| 005 | 20140408090017.0 | ||
| 008 | 021118s19uu xx 00 eng d | ||
| 050 |
_aPHS '98 _bC11 #5 |
||
| 050 |
_aPHS '98 _bC11 #5 |
||
| 100 | _aCafuir, Ismelina A. | ||
| 245 | _aPerception of young people towards supertitious beliefs. | ||
| 942 | _cPASS | ||
| 999 |
_c96223 _d96223 |
||